[Event "C.to Regionale Valle d'Aosta"]
[Site "Aymavilles ITA"]
[Date "2000.11.20"]
[Round "2"]
[White "Ciuffoletti, Paolo"]
[Black "Dragojlovic, Andjelko"]
[Result "0-1"]
[WhiteElo "2178"]
[BlackElo "2395"]
[PlyCount "48"]
[EventDate "2000.11.19"]

1. e4 c5 2. d4 cxd4 3. c3 g6 4. cxd4 d5 5. Nc3 dxe4 6. Bc4 Bg7 7. Qb3 e6 8. d5
exd5 9. Nxd5 Nf6 10. Bg5 O-O 11. O-O-O Nbd7 12. Qa3 Qe8 13. Ne2 Nxd5 14. Rxd5
Ne5 15. Bb5 Nd3+ 16. Bxd3 exd3 17. Nc3 Qc6 18. Qc5 Qxc5 19. Rxc5 b6 20. Rc7 h6
21. Be7 Re8 22. Ne4 Bf5 23. Nd6 Be5 24. Nxe8 Rxe8 0-1

[Event "C.to Regionale Valle d'Aosta"]
[Site "Aymavilles ITA"]
[Date "2000.11.21"]
[Round "3"]
[White "Yeuillaz, Corrado"]
[Black "Fercec, Nenad"]
[Result "0-1"]
[WhiteElo "2243"]
[BlackElo "2447"]
[PlyCount "78"]
[EventDate "2000.11.19"]

1. e4 c5 2. Nf3 d6 3. d4 cxd4 4. Nxd4 Nf6 5. Nc3 g6 6. Be2 Bg7 7. O-O O-O 8.
Be3 Nc6 9. h3 Bd7 10. Qd2 Nxd4 11. Bxd4 Bc6 12. Bf3 e6 13. Rad1 Qc7 14. Rfe1
Rfd8 15. Qg5 e5 16. Be3 b5 17. Qh4 b4 18. Nb1 Re8 19. Rd2 Re6 20. Red1 a5 21.
c4 Qe7 22. Rc2 h6 23. Nd2 g5 24. Qg3 Qb7 25. c5 dxc5 26. Rxc5 Rd8 27. Rdc1 a4
28. R5c4 Red6 29. h4 Nh7 30. hxg5 Nxg5 31. Bxg5 hxg5 32. Qxg5 R8d7 33. Bg4 Rg6
34. Qf5 Rxd2 35. Bh5 Rf6 36. Qg5 Rdd6 37. Qxe5 Rde6 38. Qa5 Bxe4 39. Rxb4 Qd5
0-1

[Event "C.to Regionale Valle d'Aosta"]
[Site "Aymavilles ITA"]
[Date "2000.11.22"]
[Round "4"]
[White "Ciuffoletti, Paolo"]
[Black "Yeuillaz, Corrado"]
[Result "0-1"]
[WhiteElo "2178"]
[BlackElo "2243"]
[PlyCount "72"]
[EventDate "2000.11.19"]

1. e4 e6 2. Nf3 d5 3. e5 Bd7 4. d4 c5 5. c3 Nc6 6. Be2 cxd4 7. cxd4 Qb6 8. Nc3
a6 9. a3 Nge7 10. b4 Nf5 11. Na4 Qd8 12. Nc5 Ra7 13. O-O Be7 14. Nxd7 Qxd7 15.
g4 Nh4 16. Nxh4 Bxh4 17. f4 Be7 18. f5 Qd8 19. fxe6 fxe6 20. Bd3 Qb6 21. Be3 a5
22. bxa5 Rxa5 23. Rb1 Qa7 24. Kh1 Rxa3 25. Bg1 g6 26. Bb5 Rf8 27. Rxf8+ Kxf8
28. Qc1 Nd8 29. Qc8 Ra1 30. Qd7 Rxb1 31. Qe8+ Kg7 32. Qxe7+ Nf7 33. Qxe6 Qxd4
34. Qf6+ Kf8 35. Bf1 Qe4+ 36. Bg2 Qe1 0-1

[Event "C.to Regionale Valle d'Aosta"]
[Site "Aymavilles ITA"]
[Date "2000.11.22"]
[Round "4"]
[White "Fercec, Nenad"]
[Black "Dragojlovic, Andjelko"]
[Result "1/2-1/2"]
[WhiteElo "2447"]
[BlackElo "2395"]
[PlyCount "24"]
[EventDate "2000.11.19"]

1. e4 c5 2. Nf3 g6 3. d4 cxd4 4. Nxd4 Nc6 5. Be3 Nf6 6. Nc3 Bg7 7. Bc4 O-O 8.
Bb3 a5 9. a4 Ng4 10. Qxg4 Nxd4 11. Qh4 Nxb3 12. cxb3 Ra6 1/2-1/2

[Event "C.to Regionale Valle d'Aosta"]
[Site "Aymavilles ITA"]
[Date "2000.11.22"]
[Round "4"]
[White "Vujovic, Milorad"]
[Black "Soravia, Giuseppe"]
[Result "1/2-1/2"]
[WhiteElo "2275"]
[BlackElo "1453"]
[PlyCount "46"]
[EventDate "2000.11.19"]

1. e4 e5 2. Nf3 Nc6 3. d4 exd4 4. Bc4 Nf6 5. e5 d5 6. Bb5 Qe7 7. O-O Nd7 8. Re1
a6 9. Bxc6 bxc6 10. Nxd4 Qc5 11. e6 Nf6 12. b3 Bxe6 13. Ba3 Qb6 14. Bxf8 Rxf8
15. Nc3 O-O-O 16. Na4 Qb7 17. Nc5 Qb6 18. Ncxe6 fxe6 19. Nxe6 Ne4 20. Nxf8 Nxf2
21. Qf3 Ng4+ 22. Kh1 Nf2+ 23. Kg1 Ng4+ 1/2-1/2

[Event "C.to Regionale Valle d'Aosta"]
[Site "Aymavilles ITA"]
[Date "2000.11.23"]
[Round "5"]
[White "Yeuillaz, Corrado"]
[Black "Vujovic, Milorad"]
[Result "1-0"]
[WhiteElo "2243"]
[BlackElo "2275"]
[PlyCount "81"]
[EventDate "2000.11.19"]

1. d4 Nf6 2. Nf3 b5 3. e3 a6 4. b3 e6 5. Bb2 Bb7 6. Nbd2 d6 7. Bd3 g6 8. O-O
Bg7 9. c4 b4 10. Qc2 c5 11. Rad1 Nbd7 12. Ne4 Nxe4 13. Bxe4 Bxe4 14. Qxe4 O-O
15. Rd2 d5 16. cxd5 Nf6 17. Qc2 Nxd5 18. dxc5 Bxb2 19. Qxb2 Qa5 20. Qe5 Rfc8
21. Ng5 Qc7 22. Qe4 Nf6 23. Qxb4 Qe5 24. Nf3 Qxc5 25. Rd8+ Rxd8 26. Qxc5 Rd5
27. Qc6 Ra7 28. h3 a5 29. Re1 Ne4 30. Nd4 Nf6 31. Rc1 Rad7 32. Rc5 Kg7 33. Rxd5
Rxd5 34. a3 e5 35. Nf3 Rd1+ 36. Kh2 e4 37. Ng5 Rd2 38. Qxf6+ Kxf6 39. Nxe4+ Ke5
40. Nxd2 Kd5 41. Kg3 1-0

[Event "C.to Regionale Valle d'Aosta"]
[Site "Aymavilles ITA"]
[Date "2000.11.24"]
[Round "6"]
[White "Dragojlovic, Andjelko"]
[Black "Yeuillaz, Corrado"]
[Result "1-0"]
[WhiteElo "2395"]
[BlackElo "2243"]
[PlyCount "103"]
[EventDate "2000.11.19"]

1. e4 e6 2. d4 d5 3. Nc3 dxe4 4. Nxe4 Nd7 5. Bd3 Ngf6 6. Ng5 h6 7. N5f3 Bd6 8.
Ne2 O-O 9. g4 e5 10. dxe5 Nxe5 11. Nxe5 Bxe5 12. g5 hxg5 13. Bxg5 Bxb2 14. Rb1
Be5 15. Rg1 Re8 16. Qd2 Bh3 17. Bh4 Qd6 18. Rb3 Bf4 19. Qc3 Be5 20. Qd2 Bf4 21.
Qb4 Qxb4+ 22. Rxb4 Bxh2 23. Bxf6 Bxg1 24. Rh4 gxf6 25. Rxh3 Kf8 26. Kf1 Bxf2
27. Kxf2 Rad8 28. Ng3 Ke7 29. Nf5+ Kd7 30. Rh7 Rf8 31. Bc4 Kc6 32. Bb3 Kb5 33.
Rh4 c5 34. a4+ Ka5 35. Rf4 Rfe8 36. Ne3 Rxe3 37. Kxe3 Rd6 38. c3 a6 39. Rf5 b6
40. Ke4 Rd8 41. Rxf6 b5 42. Bd5 Re8+ 43. Kd3 Rd8 44. c4 Rh8 45. cxb5 axb5 46.
axb5 Rh4 47. Bc6 Rb4 48. Kc3 Rd4 49. Rxf7 Rh4 50. Ra7+ Kb6 51. Ra6+ Kc7 52. Bd5
1-0

[Event "C.to Regionale Valle d'Aosta"]
[Site "Aymavilles ITA"]
[Date "2000.11.24"]
[Round "6"]
[White "Fercec, Nenad"]
[Black "Ciuffoletti, Paolo"]
[Result "1-0"]
[WhiteElo "2447"]
[BlackElo "2178"]
[PlyCount "57"]
[EventDate "2000.11.19"]

1. e4 c5 2. Nf3 Nc6 3. d4 cxd4 4. Nxd4 Nf6 5. Nc3 e5 6. Ndb5 d6 7. Bg5 a6 8.
Na3 b5 9. Bxf6 gxf6 10. Nd5 f5 11. c3 Bg7 12. exf5 Bxf5 13. Nc2 O-O 14. Nce3
Be6 15. Bd3 Ne7 16. Qh5 h6 17. Be4 Rc8 18. Rd1 Rc5 19. O-O Nxd5 20. Bxd5 Bxd5
21. Nxd5 Re8 22. Rd2 e4 23. Rfd1 e3 24. fxe3 Rxe3 25. Rf1 Qe8 26. Qd1 Re5 27.
g3 Qe6 28. Nf4 Qxa2 29. b4 1-0

[Event "C.to Regionale Valle d'Aosta"]
[Site "Aymavilles ITA"]
[Date "2000.11.25"]
[Round "7"]
[White "Fercec, Nenad"]
[Black "Vujovic, Milorad"]
[Result "1-0"]
[WhiteElo "2447"]
[BlackElo "2275"]
[PlyCount "95"]
[EventDate "2000.11.19"]

1. e4 e6 2. d4 d5 3. Nc3 Bb4 4. e5 c5 5. a3 Bxc3+ 6. bxc3 Qa5 7. Bd2 Qa4 8. Qb1
c4 9. Ne2 Nc6 10. Nf4 b6 11. g3 Bd7 12. Bh3 h5 13. Qd1 O-O-O 14. O-O Nge7 15.
Nxh5 Rh7 16. Bg4 Rdh8 17. h4 Nf5 18. Bg5 Be8 19. Bxf5 Rxh5 20. Bg4 R5h7 21. f4
g6 22. Rf2 b5 23. Qd2 Kc7 24. Kg2 Kd7 25. Rff1 Kc7 26. Rh1 Kd7 27. Kf2 Ne7 28.
Bf6 Rf8 29. Bf3 Ng8 30. Bg5 f6 31. exf6 Nxf6 32. Rhe1 Ng8 33. Bg4 Bf7 34. Re5
Kd6 35. Qe2 Re8 36. Re1 Kc7 37. Bxe6 Bxe6 38. Rxe6 Rxe6 39. Qxe6 Qxc2+ 40. Re2
Qxc3 41. Bd8+ Kb8 42. Qd6+ Ka8 43. Qxd5+ Rb7 44. Ba5 Nf6 45. Re8+ Nxe8 46. Bxc3
a6 47. Qc6 Nc7 48. d5 1-0